Normal view
MARC view
Entry Personal Name
001 - CONTROL NUMBER
- control field: 42594
003 - CONTROL NUMBER IDENTIFIER
- control field: dpl
005 - DATE AND TIME OF LATEST TRANSACTION
- control field: 20120218124656.0
008 - FIXED-LENGTH DATA ELEMENTS
- fixed length control field: 120218|||a|||||| | ||| d
040 ## - CATALOGING SOURCE
- Original cataloging agency: dpl
- Transcribing agency: dpl
100 ## - HEADING--PERSONAL NAME
- Personal name: Seibert, Graham
670 ## - SOURCE DATA FOUND
- Source citation: Work cat.: (dpl): James, David 42592, Oracle e-business suite financial handbook /
670 ## - SOURCE DATA FOUND
- Source citation: Work cat.: (dpl): James, David 42592, Oracle e-business suite financial handbook /
